00907cam a22002417a 4500003000500000005001700005008004100022010001000063011001000073035001000083040000900093100003400102245018200136260004100318300003300359502010200392650002900494650003200523650003500555650003000590650002000620650002500640CHAP20220329142417.0001207d2000 mx r 00110 spa d a83093 a84065 a94584 cCHAP00aPereda Grajales, Juan Carlos.10aCompetitividad y ventajas comparativas de la producción de leche, en un sistema de doble propósito, en el municipio de Villa Corzo, Chiapasc/por Juan Carlos Pereda Grajales aChapingo, Méx. :bEl autor,c2000. a115 h. :bgráfs. ; cuadros aTesis (Lic. en Economía Agrícola) -- UACH. División de Ciencias Económico Administrativas14aGanado lecheroxChiapas.14aIndustria lecheraxChiapas.14aLechexCostos de producción.14aLechexMercadeoxChiapas.14aLechexPrecios.14aLechexProducción.